| 000 | 01432nam a2200313 c 4500 | ||
|---|---|---|---|
| 003 | BLK | ||
| 005 | 20180422100440.0 | ||
| 008 | 180408b bul|||||r ||||||| ||bul|| | ||
| 010 | _aKNG00039171000 | ||
| 020 |
_a978-954-02- _bиздат.: Наука и изкуство |
||
| 040 | _aBLK | ||
| 041 |
_aBUL _cBUL |
||
| 080 |
_aПазар. Анализ на пазара. Търсене. Предлагане. Конкуренция. Маркетингова логистика _b339.13 _x(075.8) _z339.13(075.8) |
||
| 100 | 1 |
_aВасилев, Димитър _eпърви автор _gЙотов, Димитър Василев _9364878 |
|
| 139 |
_aВасилев, Димитър _bВ 24 |
||
| 245 | 1 | 0 |
_aКонюнктура и прогнозиране на световните стокови пазари _b[ Учебник за студентите от ВИИ К. Маркс - София ] _cДимитър Василев. |
| 250 | _a2. изд. | ||
| 257 | _aBGR | ||
| 260 |
_аСофия _bНаука и изкуство _c1987 _fПлевен : Ал. Пъшев |
||
| 300 |
_a284 с. _bс табл. _c22 см. |
||
| 380 | _a3 | ||
| 650 | 4 |
_aВъншна търговия - учебници за ВУЗ _9253777 |
|
| 650 | 4 |
_aПазари, международни _9245952 |
|
| 852 | _aЦб 146959 | ||
| 856 | 4 |
_qpdf _u |
|
| 856 | 4 |
_qpdf _u |
|
| 942 |
_cKNG _n0 |
||
| 944 |
_aCR _c22.08.2016 _kВася_Ганчева |
||
| 944 |
_aED _c22.08.2016 _kВася_Ганчева |
||
| 999 |
_c36274 _d36274 |
||